Chudoba v kontexte dosiahnutého vzdelania v krajinách V4

Priblíženie pohľadu na chudobu v spojitosti so vzdelaním a porovnanie vývoja v krajinách V4 v rokoch 2015 – 2021 podľa dosiahnutých úrovní vzdelania vo vekovej kategórii 25-59 rokov.

Na minha lista:
Detalhes bibliográficos
Autor principal: Hvastová, Jozefína, 1969-
Formato: Capítulo de Livro
Idioma:eslovaco
Assuntos:
Tags: Adicionar Tag
Sem tags, seja o primeiro a adicionar uma tag!

MARC

LEADER 00000naa$a2200000$$$4500
001 0292769
005 20250122094522.6
041 0 |a slo 
044 |a SK 
245 1 0 |a Chudoba v kontexte dosiahnutého vzdelania v krajinách V4  |c Jozefína Hvastová 
520 |a Priblíženie pohľadu na chudobu v spojitosti so vzdelaním a porovnanie vývoja v krajinách V4 v rokoch 2015 – 2021 podľa dosiahnutých úrovní vzdelania vo vekovej kategórii 25-59 rokov. 
610 2 0 |a chudoba 
610 2 0 |a chudobní 
610 2 0 |a vzdelanie 
610 2 0 |a nerovnosť 
610 2 0 |a úroveň životná 
610 2 0 |a Vyšehradská štvorka 
100 1 |a Hvastová, Jozefína, 1969-